000 00385cam a2200169ua 4500
001 3599
008 131204n II |||gr||||Z||||||eng
040 _aMAIN
041 _aEnglish
082 _a938 WOO
100 _aWOODHOUSE, W.J.
245 _aHISTORY OF GREECE
260 _a[s.l]:
_bSURJEET PUBLISHERS,
_c1999.
300 _a503:
_c18CM.
653 _aGreece to 323
942 _cBK
999 _c3587
_d3587